• 首页
  • 本馆介绍
  • 公告通知
  • 最新文献
  • 馆藏检索
  • 电子资源
  • 读者导购
  • 参考咨询
  • 我的图书馆
  • 登录
  • 详细信息显示
  • 放入我的书架
  • 预约/预借图书
  • 作者相关作品
  • 分类相关作品
  • 丛书相关作品
  • 出版社相关作品

书目信息

  • 表格格式
  • 工作单格式
  • 卡片格式
题名:
印象派的故事
    
 
作者: 莱维柯 著 ;蒋浚浚 译
分册:  
出版信息: 上海   上海书画出版社  2020.10
页数: 215页
开本: 21cm
丛书名:
单 册:
中图分类: J209.9
科图分类:
主题词: 印象画派--绘画史
电子资源:
ISBN: 978-7-5479-2464-8
000 01044nam0 2200289 45
001 012001001591
005 20130912164856.0
010    @a978-7-5479-2464-8@dCNY88.00
100    @a20210123d2020 em y0chiy0110 ea
101 1  @achi@cfre@eeng
102    @aCN@b310000
105    @aa z 000yy
106    @ar
200 1  @a印象派的故事@Ayin xiang pai de gu shi@f(法)让-雅克·莱维柯著@g蒋浚浚译
210    @a上海@c上海书画出版社@d2020.10
215    @a215页@c彩图@d21cm
300    @a画说印象派 画册X传记
300    @a并列题名:Impressionist
312    @a封面英文题名:The impressionist
330    @a本书主要内容包括:巴比松、《杜伊勒里宫花园音乐会》、《全家团聚》、左拉的肖像、《在阳台上》、塞纳河两岸、画家与画室、咖啡馆与沙龙、透纳,英国的号召力、新雅典咖啡馆等。
510 1  @aImpressionist@zeng
606 0  @a印象画派@x绘画史
690    @aJ209.9@v5
701  0 @c(法)@a莱维柯@Alai wei ke@c(Leveue, Jean-Jacques)@4著
702  0 @a蒋浚浚@Ajiang jun jun@4译
801    @aCN@b江苏凤凰@c20211018
905    @b1344101-4@dJ209.9@e1418@f4
    
    印象派的故事/(法)让-雅克·莱维柯著/蒋浚浚译.-上海:上海书画出版社,2020.10
    215页:彩图;21cm
    画说印象派 画册X传记.-并列题名:Impressionist
    
    ISBN 978-7-5479-2464-8:CNY88.00
    本书主要内容包括:巴比松、《杜伊勒里宫花园音乐会》、《全家团聚》、左拉的肖像、《在阳台上》、塞纳河两岸、画家与画室、咖啡馆与沙龙、透纳,英国的号召力、新雅典咖啡馆等。
●
相关链接 在E读中查询图书 在五车中查询图书 在当当中查询图书 在豆瓣中查询图书


正题名:印象派的故事     索取号:J209.9/1418         预约/预借

序号 登录号 条形码 馆藏地/架位号 状态 备注
1 1344101   213441015   第一样本阅览室/ [索取号:J209.9/1418] 在馆    
2 1344102   213441024   第一借阅区/ [索取号:J209.9/1418] 在馆    
3 1344103   213441033   第一借阅区/ [索取号:J209.9/1418] 在馆    
4 1344104   213441042   第一借阅区/ [索取号:J209.9/1418] 在馆    
唐山师范学院图书馆 欢迎您!
大连网信软件有限公司© 版权所有